Canadian Provinces in Order of Population - Statistics

General Stats
  • This quiz has been taken 45 times
  • The average score is 7 of 10
Answer Stats
# Province % Correct
13,448,494 Ontario
98%
8,164,361 Quebec
95%
4,067,175 Alberta
83%
4,648,055 British Columbia
83%
1,278,365 Manitoba
74%
1,098,352 Saskatchewan
62%
923,598 Nova Scotia
57%
142,907 Prince Edward Island
57%
747,101 New Brunswick
52%
519,716 New Foundland and Labrador
52%
No matching quizzes found
Score Distribution
Percent of People with Each Score
Percentile by Number Answered
Your Score History
You have not taken this quiz